00438 2200181 4500001002100000005001500021008004100036020002200077035001900099041000700118082000800125090001400133100002100147245001800168250001000186260003300196300002700229INLIS00000000002657120241224132155241224||||||||| | ||| |||| || |  a978-979-91-0209-6 0010-1224026571 aid0 a813 a813 LEI s0 aLeila s. chudori00a9 DARI NADIRA aCet.1 aJakartabPt Gramedia ,c2009 a270 hlm.; 13,5 x 20 cm